En el mundo de la máscara (Record no. 10338)

MARC details
000 -CABECERA
campo de control de longitud fija 00869nam a2200265 a 4500
001 - NÚMERO DE CONTROL
campo de control BRL_1529
005 - FECHA Y HORA DE LA ÚLTIMA TRANSACCIÓN
campo de control 20190320211241.0
008 - DATOS DE LONGITUD FIJA--INFORMACIÓN GENERAL
campo de control de longitud fija 170214s1978----mx-ao#####---#000-0#spa-#
041 ## - CÓDIGO DE LENGUA
Código de lengua del texto/banda sonora o título independiente spa
044 ## - CÓDIGO DEL PAÍS DE LA ENTIDAD EDITORA/PRODUCTORA
Código MARC del país mx
050 #4 - SIGNATURA TOPOGRÁFICA DE LA BIBLIOTECA DEL CONGRESO
Número de clasificación F1219.3.M4
Número de documento/Ítem .L86 1978
100 1# - ENTRADA PRINCIPAL--NOMBRE DE PERSONA
Nombre de persona Luna Parra de García Sainz, Georgina
9 (RLIN) 27182
245 10 - MENCIÓN DE TÍTULO
Título En el mundo de la máscara
Mención de responsabilidad, etc. Georgina Luna Parra de García Sainz y Graciela Romandía de Cantú ; fotos de Ignacio Urquiza.
260 ## - PUBLICACIÓN, DISTRIBUCIÓN, ETC.
Lugar de publicación, distribución, etc. México
Nombre del editor, distribuidor, etc. Fomento Cultural Banamex
Fecha de publicación, distribución, etc. 1978
300 ## - DESCRIPCIÓN FÍSICA
Extensión 131 p.
Otras características físicas il. (a color)
Dimensiones 31 cm.
500 ## - NOTA GENERAL
Nota general Au1765
500 ## - NOTA GENERAL
Nota general El paisaje de México
504 ## - NOTA DE BIBLIOGRAFÍA, ETC.
Nota de bibliografía, etc. Bibliografía: p. [132]
650 14 - PUNTO DE ACCESO ADICIONAL DE MATERIA--TÉRMINO DE MATERIA
Término de materia o nombre geográfico como elemento de entrada Máscaras
Subdivisión geográfica México
9 (RLIN) 4284
650 14 - PUNTO DE ACCESO ADICIONAL DE MATERIA--TÉRMINO DE MATERIA
Término de materia o nombre geográfico como elemento de entrada Danzas indígenas
Subdivisión geográfica México
9 (RLIN) 27183
700 1# - PUNTO DE ACCESO ADICIONAL--NOMBRE DE PERSONA
Nombre de persona Romandía de Cantú, Graciela
9 (RLIN) 817
700 1# - PUNTO DE ACCESO ADICIONAL--NOMBRE DE PERSONA
Nombre de persona Urquiza, Ignacio
Término indicativo de función/relación il.
9 (RLIN) 27184
902 ## - CATALOGADOR
Iniciales GRL
942 ## - ELEMENTOS DE PUNTO DE ACCESO ADICIONAL (KOHA)
Fuente del sistema de clasificación o colocación Library of Congress Classification
Tipo de ítem Koha Libros
Holdings
Estado de retiro Estado de pérdida Estado dañado No para préstamo Localización permanente Ubicación/localización actual Fecha de adquisición Número de inventario Total de préstamos Signatura topográfica completa Código de barras Fecha visto por última vez Precio válido a partir de Tipo de ítem Koha
El ejemplar forma parte de la colección y puede ser consultado según las políticas vigentes.       Biblioteca Centro de Estudios Ruth D. Lechuga Biblioteca Centro de Estudios Ruth D. Lechuga 17/02/2014 Au1765   F1219.3.M4 .L86 1978 (Au1765) GRL01688 22/03/2019 22/03/2019 Libros